| 000 | 00504nam a2200157Ia 4500 | ||
|---|---|---|---|
| 008 | 230907s9999||||xx |||||||||||||| ||und|| | ||
| 082 |
_a621.3095491 _bSHA |
||
| 100 |
_aMuhammad Shabbar Raza (00000118556) _9116449 |
||
| 245 | 0 | _aIdentification of Barriers to the Development of Hydropower Projects in Pakistan / | |
| 260 |
_aUSPCAS-E, NUST, _bIslamabad : _c2019 |
||
| 300 | _a86 p. | ||
| 520 | _aTH-151 | ||
| 650 | _aMS-ESE Thesis MS Thesis | ||
| 700 |
_aDr. Kafait Ullah _9116991 |
||
| 942 |
_cTHE _2ddc |
||
| 999 |
_c601830 _d601830 |
||